Statistics for Hunger Games Characters By Picture

Click here to take the quiz!

General Stats

  • This quiz has been taken 77 times
  • The average score is 13 of 16

Answer Stats

Answer% Correct
Coriolanus Snow
100%
Peeta Mellark
100%
Katniss Everdeen
97%
Gale Hawthorne
93%
Haymitch Abernathy
93%
Cinna
89%
Effie Trinket
88%
Alma Coin
82%
Johanna Mason
81%
Mags Flanagan
81%
Finnick Odair
80%
Beetee Latier
77%
Cato
74%
Thresh
73%
Wiress
66%
Commander Paylor
27%

Score Distribution

Percentile by Number Answered

Percent of People with Each Score

Your Score History

You have not taken this quiz